Normal view
MARC view
Entry Corporate Name
001 - CONTROL NUMBER
- control field: 19463
003 - CONTROL NUMBER IDENTIFIER
- control field: ARRUPE
005 - DATE AND TIME OF LATEST TRANSACTION
- control field: 20150908121810.0
008 - FIXED-LENGTH DATA ELEMENTS
- fixed length control field: 150908|| aca||aabn | a|a d
040 ## - CATALOGING SOURCE
- Original cataloging agency: ARRUPE
- Transcribing agency: ARRUPE
110 ## - HEADING--CORPORATE NAME
- Corporate name or jurisdiction name as entry element: Rhodes-Livingstone Museum.
670 ## - SOURCE DATA FOUND
- Source citation: Work cat.: (ARRUPE)0: Rhodes-Livingstone Museum., The Occasional papers of the Rhodes-Livingstone Museum. Nos. 1-16 in one volume., c1974.